LIBRARY ONLINE CATALOGUE

The UN Convention on the elimination of forms of discrimination against women : (Record no. 4542)

MARC details
000 -LEADER
fixed length control field 00860nam a22002172 4500
001 - CONTROL NUMBER
control field 0000024520
005 - DATE AND TIME OF LATEST TRANSACTION
control field 20151217145948.0
008 - FIXED-LENGTH DATA ELEMENTS--GENERAL INFORMATION
fixed length control field 131219s xx 000 0 eng d
020 ## - INTERNATIONAL STANDARD BOOK NUMBER
International Standard Book Number 0199565061 :
040 ## - CATALOGING SOURCE
Original cataloging agency KABU
Transcribing agency KABU
245 14 - TITLE STATEMENT
Title The UN Convention on the elimination of forms of discrimination against women :
Remainder of title a commentary /
Statement of responsibility, etc. edited by Marsha A. Freeman, Christine Chinkin, Beate Rudolf.
250 ## - EDITION STATEMENT
Edition statement 1st ed.
260 ## - PUBLICATION, DISTRIBUTION, ETC. (IMPRINT)
Place of publication, distribution, etc. Oxford :
Name of publisher, distributor, etc. O. U. P.,
Date of publication, distribution, etc. 2012.
300 ## - PHYSICAL DESCRIPTION
Extent lvii, 731 p.
610 20 - SUBJECT ADDED ENTRY--CORPORATE NAME
Corporate name or jurisdiction name as entry element United Nations.
Subordinate unit Committee on the Elimination of Discrimination against Women.
-- 0000184753
630 00 - SUBJECT ADDED ENTRY--UNIFORM TITLE
Uniform title Convention on the Elimination of All Forms of Discrimination against Women
Date of treaty signing 1980.
-- 0000184754
650 #0 - SUBJECT ADDED ENTRY--TOPICAL TERM
Topical term or geographic name as entry element Women's rights.
-- 0000153043
852 1# - LOCATION
-- p17550 KES
908 ## - PUT COMMAND PARAMETER (RLIN)
Put command parameter 131219
950 ## - LOCAL HOLDINGS (RLIN)
-- 1
Holdings
Withdrawn status Lost status Source of classification or shelving scheme Not for loan Home library Current library Date acquired Total Checkouts Full call number Barcode Date last seen Price effective from Koha item type
    Library of Congress Classification   Kabarak, Main Campus Kabarak, Main Campus 17/12/2015   K3243 .A4198U5 c. 1 016305 17/12/2015 17/12/2015 General Collection